000 008120000a22002530004500
090 _aAR
_b02199
245 1 0 _aAssemblages of diurnal fruit-eating arboreal vertebrates at five fig trees
650 1 4 _aPrimates
_992938
650 1 4 _aFrugivoría
_97233
650 1 4 _aDispersión de semillas
_992588
650 1 4 _aRelación planta-animal
_992861
651 4 _lParque Nacional Natural La Macarena
_dMeta
_pColombia
_992749
653 _gFicus
653 _gAlouatta
_eAlouatta seniculus
653 _gAteles
_eAteles belzebuth
653 _gCebus
_eCebus apella
653 _gLagothrix
_eLagothrix lagothrichia
041 0 _aInglés
700 1 _aAlvarez R., Mauricio
_94175
700 1 _aMejía, Carlos A.
_994038
100 1 _aJiménez, Iván
_995699
942 _cARTICULO
773 1 _tPreprint
_33
_q1-7
_d1993
999 _c11271
_d11271